000 01400nam a22002177a 4500
008 170610s2009 ag||||| |||| 00| 0 spa d
020 _a9789871398041
082 0 4 _a864
_bG633p
100 1 _aGómez de la Serna, Ramón.
_95806
245 1 3 _aLa penosa manía de escribir :
_bRamón Gómez de la Serna en la revitsa Saber Vivir, 1940-1956 /
_cRamón Gómez de la Serna ; recopilado por Martín Greco ; colaboración de Jerónimo Ledesma.
250 _a1a ed.
260 _aBuenos Aires, Argentina :
_bFundación Espigas,
_c2009.
300 _a364 páginas :
_bilustraciones en color.
505 0 _tPresentaciones
_rMauro Herlitza y Patrica M. Artundo.
_tEl fondo Saber Vivir en el archivo Carmen Valdés
_rMartín Greco.
_tUn ser de otro mundo: Ramón Gómez de la Serna en la Argentina
_rJerónimo Ledesma.
_tRamón en Saber Vivir, antología de textos: Ramonismo y cuentos inéditos, Apuntes sobre el circo, Ensayos sobre arte y cultura, Retratos de pintores y escritores, Textos sobre España y América y Escritos autobiográficos y religiosos.
_tRamón y Carmen Valdés.
_tCronología.
_tArtículos publicados en Saber Vivir.
_tLibros, revistas, artículos y fotos.
653 1 0 _aLiteratura
653 1 0 _aEnsayos periodísticos
653 1 0 _aArtes pláticas - España
653 1 0 _aEnsayos - Arte
700 1 _aGreco, Martín.
_erecopilador.
_95807
700 1 _aLedesma,Jerónimo.
_ecolaborador.
_95808
999 _c1191
_d1191